Profit power economics : (Record no. 4898)

MARC details
000 -LEADER
fixed length control field 02434cam a2200277 a 4500
001 - CONTROL NUMBER
control field BD-DhSAU 4898
003 - CONTROL NUMBER IDENTIFIER
control field BD-DhSAU
005 - DATE AND TIME OF LATEST TRANSACTION
control field 20150302094130.0
008 - FIXED-LENGTH DATA ELEMENTS--GENERAL INFORMATION
fixed length control field 150302s2009 enka ob 001 0 eng
020 ## - INTERNATIONAL STANDARD BOOK NUMBER
International Standard Book Number 9780195171631 (cloth : alk. paper)
020 ## - INTERNATIONAL STANDARD BOOK NUMBER
International Standard Book Number 0195171632 (cloth : alk. paper)
040 ## - CATALOGING SOURCE
Original cataloging agency BD-DhSAU
082 ## - DEWEY DECIMAL CLASSIFICATION NUMBER
Classification number -
Item number -
100 1# - MAIN ENTRY--PERSONAL NAME
Personal name De Kuijper, Mia.
245 10 - TITLE STATEMENT
Title Profit power economics :
Remainder of title a new competitive strategy for creating sustainable wealth /
Statement of responsibility, etc. Mia de Kuijper.
260 ## - PUBLICATION, DISTRIBUTION, ETC. (IMPRINT)
Place of publication, distribution, etc. Oxford ;
-- New York :
Name of publisher, distributor, etc. Oxford University Press,
Date of publication, distribution, etc. 2009.
500 ## - GENERAL NOTE
General note Oxford scholarship online Economics and Finance
504 ## - BIBLIOGRAPHY, ETC. NOTE
Bibliography, etc Includes bibliographical references (p. 281-295) and index.
505 0# - FORMATTED CONTENTS NOTE
Formatted contents note Introduction -- The key to profit power. The power node strategy -- Understanding the transparent economy. The star driver : the vanishing cost of information -- The two trends of transparency : perfect information and interdependent decision making -- Perfect information and imperfect markets -- The new paradigm : powerlaw economics -- How transparency alters the building blocks of profits. The four strategic decisions in transparency -- Ownership focused on profit power -- The shape of the 21st-century firm -- Three-dimensional competition -- Strategies for powerlaw marketplaces -- The four rules for maximizing profits in transparency. From the four strategic decisions to the four rules -- Power nodes : transparency's sources of profits and competitive weapons. The 12 power nodes -- Managing the power nodes -- The four rules method for maximizing profits. The four rules templates and how to use them -- Rule #1 : Power node evaluation and action plan templates -- Rule #2 : 21st-century business model evaluation and action plan templates -- Rule #3 : 3-D competition evaluation and action plan templates -- Rule #4 : Powerlaw marketplace evaluation and action plan templates -- Strategies for investors. The four rules method : added value for investors -- Conclusion. On gaining perspective.
590 ## - Name of Cataloguer
Name of Cataloger roy
650 #0 - SUBJECT ADDED ENTRY--TOPICAL TERM
Topical term or geographic name as entry element Strategic planning.
650 #0 - SUBJECT ADDED ENTRY--TOPICAL TERM
Topical term or geographic name as entry element Profit.
650 #0 - SUBJECT ADDED ENTRY--TOPICAL TERM
Topical term or geographic name as entry element Information technology
General subdivision Management.
856 ## - ELECTRONIC LOCATION AND ACCESS
Uniform Resource Identifier <a href="http://www.oxfordscholarship.com/view/10.1093/acprof:oso/9780195171631.001.0001/acprof-9780195171631?rskey=tZ94Vo&result=104">http://www.oxfordscholarship.com/view/10.1093/acprof:oso/9780195171631.001.0001/acprof-9780195171631?rskey=tZ94Vo&result=104</a>
Link text Full text through SAU LAN
856 ## - ELECTRONIC LOCATION AND ACCESS
Uniform Resource Identifier <a href=" http://doi.org/10.1093/acprof:oso/9780195171631.001.0001"> http://doi.org/10.1093/acprof:oso/9780195171631.001.0001</a>
Link text DOI : Full text through SAU LAN
942 ## - ADDED ENTRY ELEMENTS (KOHA)
Source of classification or shelving scheme Dewey Decimal Classification
Koha item type Online book

No items available.